书目信息 |
| 题名: |
建筑工程安全管理
|
|
| 作者: | 张争强 , 肖红飞 , 田云丽 主编 | |
| 分册: | ||
| 出版信息: | 天津 天津科学技术出版社 2018.06 |
|
| 页数: | 198页 | |
| 开本: | 26cm | |
| 丛书名: | ||
| 单 册: | ||
| 中图分类: | TU714 | |
| 科图分类: | ||
| 主题词: | 建筑工程--安全管理--高等学校--教材 | |
| 电子资源: | ||
| ISBN: | 978-7-5576-3239-7 | |
| 000 | 00965nam0 2200253 450 | |
| 001 | 4796 | |
| 005 | 20181013093427.66 | |
| 010 | @a978-7-5576-3239-7@dCNY26.00 | |
| 100 | @a20171018d2018 em y0chiy50 ea | |
| 101 | 0 | @achi |
| 102 | @aCN@b120000 | |
| 105 | @ay z 000yy | |
| 200 | 1 | @a建筑工程安全管理@9jian zhu gong cheng an quan guan li@f张争强,肖红飞,田云丽主编 |
| 210 | @a天津@c天津科学技术出版社@d2018.06 | |
| 215 | @a198页@d26cm | |
| 300 | @a普通高等院校“十三五”规划精品教材 | |
| 330 | @a本书共分11章,分别是绪论、安全文明施工、安全施工用电、高处作业防护安全、脚手架施工安全、模板工程安全管理、物料提升机安全管理、塔式起重机安全管理、起重吊装安全管理等。 | |
| 606 | 0 | @a建筑工程@x安全管理@x高等学校@j教材 |
| 690 | @aTU714@v5 | |
| 701 | 0 | @a张争强@9zhang zheng qiang@4主编 |
| 701 | 0 | @a肖红飞@9xiao hong fei@c(建筑工程)@4主编 |
| 701 | 0 | @a田云丽@9tian yun li@c(建筑工程)@4主编 |
| 801 | 0 | @aCN@b91MARC@c20171018 |
| 905 | @aMuseLib@dTU714@e1464 | |
| 建筑工程安全管理/张争强,肖红飞,田云丽主编.-天津:天津科学技术出版社,2018.06 |
| 198页;26cm |
| 普通高等院校“十三五”规划精品教材 |
| ISBN 978-7-5576-3239-7:CNY26.00 |
| 本书共分11章,分别是绪论、安全文明施工、安全施工用电、高处作业防护安全、脚手架施工安全、模板工程安全管理、物料提升机安全管理、塔式起重机安全管理、起重吊装安全管理等。 |
| ● |
| 相关链接 |
|
|
|
|
正题名:建筑工程安全管理
索取号:TU714/1464
 
预约/预借
| 序号 | 登录号 | 条形码 | 馆藏地/架位号 | 状态 | 备注 |
| 1 | 1126689 | 211266896 | 第二样本阅览室/ [索取号:TU714/1464] | 在馆 | |
| 2 | 1126690 | 211266903 | 第三借阅区/ [索取号:TU714/1464] | 在馆 | |
| 3 | 1126691 | 211266912 | 第三借阅区/ [索取号:TU714/1464] | 在馆 | |
| 4 | 1126692 | 211266921 | 第三借阅区/ [索取号:TU714/1464] | 在馆 | |
| 5 | 1126693 | 211266930 | 密集书库-物理学院/ [索取号:TU714/1464] | 在馆 |